000 00681nam a2200265 a 4500
003 AR-BaBNM
005 20251128203325.0
008 082120s2002 ||||||||||||||000 | spa||
040 _cAR-BaBNM
100 1 _aRosenvasser, A.
245 0 0 _aLas ideas morales en el antiguo Egipto
260 _aSanta Fe
_bUniversidad Nacional del Litoral
_c1938
300 _a94 p.
_bil.
650 4 _aHISTORIA ANTIGUA
650 4 _aEGIPTOLOGIA
650 4 _aHISTORIA CULTURAL
650 4 _aCIVILIZACIONES ANTIGUAS
650 4 _aRELIGION EGIPCIA
650 4 _aMITOLOGIA
650 4 _aLITERATURA
650 4 _aFOLKLORE
653 _aFILOSOFIA MORAL
942 _cBK
998 _cmariana
999 _c2897
_d2897